| 000 | 00000nam##2200000za#4500 |
| 001 | 9.616342 |
| 003 | CaOODSP |
| 005 | 20211126112847 |
| 007 | ta |
| 008 | 150406|2003||||xxc||||| f|0| 0 eng|d |
| 022 | |a1192-5434 |
| 040 | |aCaOODSP|beng |
| 043 | |an-cn--- |
| 086 | 1 |aFB3-2/103-6E |
| 110 | 2 |aBank of Canada. |
| 245 | 10|aValuation of Canadian- vs. U.S.-listed equity : |bis there a discount? / |cby Michael R. King and Dan Segal. |
| 260 | |bBank of Canada |c2003. |
| 300 | |av, 28p. : |btables ; |c28 cm. |
| 490 | 1 |aWorking paper|x1192-5434|v2003-6 |
| 504 | |aBibliography. |
| 546 | |aRésumés en français. |
| 563 | |aSoftcover |
| 590 | |a03-17|b2003-04-25 |
| 690 | 07|aStock markets|2gcpds |
| 720 | 1 |aKing, Michael |
| 720 | 1 |aSegal, Dan |
| 776 | 0#|tValuation of Canadian- vs. U.S.-listed equity : |w(CaOODSP)9.580557 |
| 830 | #0|aWorking paper,|x1192-5434|v2003-6|w(CaOODSP)9.514622 |